[Event "RSA-chT Regions"]
[Site "Cape Town"]
[Date "2016.01.08"]
[Round "2.3"]
[White "Hendriksz, Gabriel"]
[Black "Pretorius, Wiaan"]
[Result "1-0"]
[WhiteElo "1696"]
[BlackElo "1668"]
[PlyCount "156"]
[EventDate "2016.01.08"]
[EventType "team-swiss"]
[EventRounds "7"]
[EventCountry "RSA"]
[SourceTitle "CBM 170 Extra"]
[Source "ChessBase"]
[SourceDate "2016.02.25"]
[SourceVersion "1"]
[SourceVersionDate "2016.02.25"]
[SourceQuality "1"]
[WhiteTeam "Western Province Invitational"]
[BlackTeam "Tshwane Youth"]
[WhiteTeamCountry "RSA"]
[BlackTeamCountry "RSA"]

1. e4 e6 2. d4 d5 3. Nc3 Nf6 4. e5 Nfd7 5. f4 c5 6. Nf3 Nc6 7. Be3 Be7 8. Be2 f6 9. exf6 Bxf6 10. Ne5 Bxe5 11. fxe5 cxd4 12. Bxd4 0-0 13. Bf2 Ndxe5 14. 0-0 Ng6 15. Re1 Nf4 16. Bg4 h5 17. Bxh5 Qg5 18. Bf3 Nh3+ 19. Kf1 Nxf2 20. Kxf2 Ne5 21. Qd4 Nxf3 22. gxf3 Qf5 23. Qd3 Qh3 24. Rh1 Bd7 25. Rag1 Rxf3+ 26. Qxf3 Rf8 27. Qxf8+ Kxf8 28. Rg3 Qh4 29. Kg2 d4 30. Rf1+ Kg8 31. Ne2 Bc6+ 32. Kg1 Qe4 33. Nf4 e5 34. Rxg7+ Kxg7 35. Ne6+ Kg8 36. Rf8+ Kh7 37. Ng5+ Kg7 38. Rf7+ Kg6 39. Nxe4 Kxf7 40. Ng3 Kg6 41. h4 Bf3 42. Kf2 Bd5 43. a3 e4 44. c3 e3+ 45. Ke2 Bc4+ 46. Kf3 e2 47. Nxe2 d3 48. Nf4+ Kf5 49. Nh3 Bd5+ 50. Ke3 Kg4 51. Nf2+ Kxh4 52. Nxd3 Kg4 53. Kd4 Bg2 54. c4 Kf5 55. b4 Bf3 56. Nc5 Kf6 57. Ne4+ Ke7 58. Nc3 Kd7 59. Kc5 Kc7 60. Nb5+ Kb8 61. Nd4 Bg2 62. Kd6 Bf1 63. c5 a6 64. a4 Bg2 65. Kd7 Bh3+ 66. Kd8 Bg2 67. Ne6 Bc6 68. a5 Bg2 69. Nf8 Bc6 70. Nd7+ Ka7 71. Kc7 Bd5 72. Nb6 Be6 73. Nc8+ Ka8 74. Nd6 Bd5 75. Kb6 Kb8 76. Nf5 Be4 77. Ne7 Bf3 78. c6 Ka8 1-0

[Event "RSA-chT U20"]
[Site "Cape Town"]
[Date "2016.01.06"]
[Round "5.2"]
[White "Pretorius, Wiaan"]
[Black "Singh, Siddhanth"]
[Result "1/2-1/2"]
[WhiteElo "1668"]
[BlackElo "1702"]
[PlyCount "133"]
[EventDate "2016.01.04"]
[EventType "team-tourn"]
[EventRounds "7"]
[EventCountry "RSA"]
[SourceTitle "CBM 170 Extra"]
[Source "ChessBase"]
[SourceDate "2016.02.25"]
[SourceVersion "1"]
[SourceVersionDate "2016.02.25"]
[SourceQuality "1"]
[WhiteTeam "Tshwane"]
[BlackTeam "Ethekwini"]
[WhiteTeamCountry "RSA"]
[BlackTeamCountry "RSA"]

1. d4 g6 2. Nf3 Bg7 3. Nc3 d6 4. e4 Nd7 5. Be2 e6 6. Be3 b6 7. 0-0 Bb7 8. a4 a6 9. Bg5 Ne7 10. Qd2 h6 11. Be3 f5 12. Bd3 Nf6 13. e5 Ng4 14. Bf4 g5 15. Bxg5 hxg5 16. Nxg5 Bh6 17. h3 Bxg5 18. Qxg5 Nh6 19. Rfe1 Nf7 20. Qe3 dxe5 21. dxe5 Nd5 22. Nxd5 Qxd5 23. f3 Rd8 24. Rad1 Qc5 25. Qxc5 bxc5 26. Bc4 Ke7 27. Rd3 Rh4 28. b3 Rhd4 29. Kf2 a5 30. Re2 Rxd3 31. Bxd3 Rd5 32. f4 Rd4 33. g3 Bd5 34. Ke3 Be4 35. Rd2 Bc6 36. Kf2 Be4 37. Ke3 Bc6 38. Ke2 Bg2 39. Ke3 Bxh3 40. Rh2 Bg4 41. Rh1 Rd8 42. Rh2 Rh8 43. Rxh8 Nxh8 44. Kd2 Bf3 45. Ke3 Bh5 46. Bf1 Nf7 47. Kd3 Kd7 48. Bg2 Nh6 49. Kc4 Bd1 50. Kd3 Ng4 51. Bb7 c6 52. Ba6 Bf3 53. Kd2 Be4 54. c3 Nf2 55. Ke3 Ng4+ 56. Kd2 Bd5 57. Kc2 Nf2 58. Be2 Ke7 59. c4 Be4+ 60. Kd2 Kf7 61. Ke3 Nh1 62. g4 Ng3 63. gxf5 exf5 64. Bd1 Nf1+ 65. Ke2 Nh2 66. Ke3 Nf1+ 67. Ke2 1/2-1/2